| 000 | 00681cam a2200241 4500 | ||
|---|---|---|---|
| 001 | 15941 | ||
| 003 | BD-RjUL | ||
| 005 | 20211208235922.0 | ||
| 008 | 140211s1969 nyu b 001 0 eng | ||
| 035 | _a(BD-RjUL)15996 | ||
| 040 |
_aDLC _cDLC _dDLC _dBD-RjUL _beng |
||
| 041 | _aeng | ||
| 082 | 0 | 0 |
_a659.1 _bOBS 1969 |
| 100 | 1 |
_aObermeyer, Henry. _949400 |
|
| 245 | 1 | 0 |
_aSuccessful advertising management / _c Henry Obermeyer. |
| 260 |
_aNew York : _bMcGraw-Hill, _c1969. |
||
| 300 |
_axiv, 241 p. ; _c22 cm. |
||
| 504 | _aBibliographical footnotes and index. | ||
| 650 | 0 |
_aAdvertising _xManagement. _949383 |
|
| 942 |
_2ddc _cBK |
||
| 999 |
_c15941 _d15941 |
||